000 00288nam a22001337a 4500
082 _a894.812.1
_bSAN/A
100 _aSANTHAKUMARI U.S
245 _aAKSHARACHEPPU
260 _aTHRISSUR
_bH & C PUBLISHING HOUSE
_c2010
300 _a64
520 _aPOETRY
650 _aPOETRY
942 _cBK
999 _c4399
_d4399